| Tag |
First Indicator |
Second Indicator |
Subfields |
| LEADER |
00000cam a2200000 a 4500 |
| 001 |
in00000032133 |
| 005 |
20151007055044.0 |
| 008 |
880225s1987 gw a bc l00100 ger |
| 010 |
|
|
|a 87174204
|
| 020 |
|
|
|a 3923344090 (Deut. Bibl.)
|
| 035 |
|
|
|a (OCoLC)17842059
|
| 035 |
|
|
|9 AAB7099AM
|
| 040 |
|
|
|a DLC
|c DLC
|d TXA
|d UtOrBLW
|
| 043 |
|
|
|a e-au---
|
| 049 |
|
|
|a TXAM
|c [A11504933]
|
| 050 |
0 |
0 |
|a NA1011.5.L6
|b A4 1987
|
| 082 |
0 |
|
|a 720/.9436/130740346
|2 19
|
| 245 |
0 |
0 |
|a Gründerzeit, Adolf Loos :
|b Jahrhundertwende : Rückblick und Ausblick im Spiegel der Wiener Architektur, unter Einbeziehung der Gründerzeitarchitektur Josef Durms : Städtische Galerie im Prinz-Max-Palais Karlsruhe, 11. April bis 21. Juni 1987 /
|c [Redaktion, Erika Rödiger-Diruf, Sylvia Bieber ; Veranstalter, Städtische Galerie im Prinz-Max-Palais Karlsruhe in Zusammenarbeit mit The Arts Council of Great Britain].
|
| 264 |
|
1 |
|a Karlsruhe :
|b Die Galerie,
|c [1987]
|
| 264 |
|
4 |
|c ©1987
|
| 300 |
|
|
|a 325 pages :
|b illustrations ;
|c 24 cm.
|
| 336 |
|
|
|a text
|b txt
|2 rdacontent
|
| 337 |
|
|
|a unmediated
|b n
|2 rdamedia
|
| 338 |
|
|
|a volume
|b nc
|2 rdacarrier
|
| 500 |
|
|
|a At head of title: Europäische Kulturtage Karlsruhe 1987, Jahrhundertwende.
|
| 504 |
|
|
|a Includes bibliographies and index.
|
| 600 |
1 |
0 |
|a Loos, Adolf,
|d 1870-1933
|v Exhibitions.
|
| 600 |
1 |
0 |
|a Durm, Josef,
|d 1837-1919
|v Exhibitions.
|
| 650 |
|
0 |
|a Architecture
|z Austria
|z Vienna
|y 19th century
|v Exhibitions.
|
| 650 |
|
0 |
|a Architecture
|z Austria
|z Vienna
|y 20th century
|v Exhibitions.
|
| 651 |
|
0 |
|a Vienna (Austria)
|x Buildings, structures, etc.
|v Exhibitions.
|
| 700 |
1 |
|
|a Loos, Adolf,
|d 1870-1933.
|
| 700 |
1 |
|
|a Durm, Josef,
|d 1837-1919.
|
| 700 |
1 |
|
|a Rödiger-Diruf, Erika.
|
| 700 |
1 |
|
|a Bieber, Sylvia.
|
| 710 |
2 |
|
|a Städtische Galerie im PrinzMaxPalais Karlsruhe.
|
| 710 |
2 |
|
|a Arts Council of Great Britain.
|
| 711 |
2 |
|
|a Europäische Kulturtage
|d (1987 :
|c Karlsruhe, Germany)
|
| 740 |
0 |
|
|a Jahrhundertwende.
|
| 999 |
|
|
|a MARS
|
| 999 |
f |
f |
|s d1e05590-5f1f-3e70-9782-fa9d2a78d915
|i 57d24534-26c5-378b-a22d-cdb136e6a3ed
|t 0
|
| 952 |
f |
f |
|p normal
|a Texas A&M University
|b College Station
|c Sterling C. Evans Library
|d Evans: Library Stacks
|t 0
|e NA1011.5.L6 A4 1987
|h Library of Congress classification
|i unmediated -- volume
|m A14811504933
|
| 998 |
f |
f |
|a NA1011.5.L6 A4 1987
|t 0
|l Evans: Library Stacks
|